|
|
|
|
| LEADER |
00000nab a2200000 a 4500 |
| 001 |
vtls000007921 |
| 003 |
SK-MaSNL |
| 005 |
20260304074045.0 |
| 008 |
250422c1978 xo 0 slo |
| 015 |
|
|
|a SNBRB19rr/mm-uuuuu
|
| 035 |
|
|
|a CL0018014
|
| 035 |
|
|
|a urn:nbn:sk:snk-ab9m
|
| 035 |
|
|
|a (urnnbn)urn:nbn:sk:snk:ar-002aha
|
| 035 |
|
|
|a (uuid)11ac2d73-5026-43a6-80c7-3000bb560df6
|
| 040 |
|
|
|a SNKBUCL
|b slo
|c SNKBUCL
|e AACR2
|
| 041 |
0 |
|
|a slo
|
| 044 |
|
|
|a xo
|c SK
|
| 080 |
|
|
|a 633.8
|2 1981
|
| 080 |
|
|
|a 615.7
|2 1981
|
| 080 |
|
|
|a 615.5
|2 1981
|
| 100 |
1 |
|
|a Farkaš, Ľudovít,
|d 1944-
|4 aut
|9 5556
|
| 245 |
1 |
0 |
|a Chren ako liečivá rastlina
|c L. Farkaš ; Ľ. Farkaš
|
| 650 |
0 |
7 |
|a chren
|2 snkbucl
|9 2718
|
| 650 |
0 |
7 |
|a Armoracia rusticana (LAM) GAERTN
|2 snkbucl
|9 1363267
|
| 655 |
|
7 |
|a články z novín a časopisov
|2 snkbucl
|9 267496
|
| 773 |
0 |
|
|t Naše liečivé rastliny
|g Roč. 15, č. 5 (1978), s. 131-132
|
| 850 |
|
|
|a Slovenská národná knižnica
|
| 852 |
|
|
|a Slovenská národná knižnica
|
| 954 |
|
|
|a odborná, vedecká literatúra pôvodná (slovenská)
|2 lita
|
| 958 |
|
|
|a article27
|
| 958 |
|
|
|a RK
|
| 958 |
|
|
|a MI
|
| 958 |
|
|
|a OND
|
| 958 |
|
|
|a EUIPO
|
| 992 |
|
|
|a RBX
|
| 999 |
|
|
|c 2774449
|d 2776379
|